| 000 | 00000nam 2200000zi 4500 |
| 001 | 9.921045 |
| 003 | CaOODSP |
| 005 | 20241203113656 |
| 006 | m o d f |
| 007 | cr |n||||||||| |
| 008 | 230123s1985 onc of f|0| 0 eng d |
| 040 | |aCaOODSP|beng|erda|cCaOODSP |
| 043 | |an-cn--- |
| 086 | 1 |aEn37-607/1985E-PDF |
| 245 | 00|aAutomated moving boat measurement system. |
| 264 | 1|a[Ottawa] : |b[Environment Canada], |c[1985] |
| 300 | |a1 online resource (40 unnumbered pages) |
| 336 | |atext|btxt|2rdacontent |
| 337 | |acomputer|bc|2rdamedia |
| 338 | |aonline resource|bcr|2rdacarrier |
| 500 | |aDigitized edition from print [produced by Environment and Climate Change Canada]. |
| 520 | |a"This manual covers the theory and practice of the moving boat method using the automated moving boat equipment package. The moving boat method of obtaining quick, accurate discharge measurements on medium to large rivers was originally developed by the United States Geological Survey and subsequently automated through microprocessor control by Water Resources Branch"--Introduction, page [4]. |
| 650 | 0|aStream measurements|vHandbooks, manuals, etc. |
| 650 | 6|aCours d'eau|xJaugeage|vGuides, manuels, etc. |
| 655 | 7|aHandbooks and manuals|2lcgft |
| 655 | 7|aGuides et manuels|2rvmgf |
| 710 | 1 |aCanada. |bEnvironment Canada, |eissuing body. |
| 856 | 40|qPDF|s2.22 MB|uhttps://publications.gc.ca/collections/collection_2024/eccc/En37-607-1985-eng.pdf |